00432nam a2200157Ia 4500008004100000020001800041050002300059100001800082245004800100260004500148300003400193500002000227521000700247650000900254650001100263140609s9999 xx 000 0 und d a9781844485345 aNC 880b.B234 2009 aBarber, John. 4aThe pastel colour wheel book /cJohn Barber aTunbridge Wells :bSearch Press,cc2009. a160 p. :bcol. ill. ;c20 cm. aIncludes index. aMA aArt. aColor.